00757nam a22002417a 4500003000500000005001700005008004100022010001000063011001000073035001000083040000900093100002200102245008700124260006200211300000900273490003400282650003800316650005200354650003000406700002100436700002400457830003400481CHAP20220329135115.0971013s1983 r 00010 d a31025 a31997 a36109 cCHAP00aLjubich, Alberto. aRespuesta de líneas seleccionadas de girasol por resistencia a podredumbre basal aManfredi, Arg. :bEstación Agropecuaria Manfredi,c1983 a4 p. aDivulgación técnicav; 1114aGirasolxEnfermedades por hongos.14aGirasolxVariedades resistentes a enfermedades.14aSclerotinia sclerotiorum.0 aAlvarez, Daniel.0 aAreco, Cruz Miguel.0 aDivulgación técnicav; 11